| 000 | 00931nam a22002537a 4500 | ||
|---|---|---|---|
| 999 |
_c22373 _d22373 |
||
| 003 | OSt | ||
| 005 | 20220506142106.0 | ||
| 008 | 180509e201805 pe 000 0 spa | ||
| 020 | _a9786124436031 | ||
| 040 | _cBiblioteca Municipal del Cusco | ||
| 082 | _a869.56/D977 | ||
| 100 |
_aDumett, Rafael _931768 |
||
| 245 |
_aEl espía del inca / _cRafael Dumett |
||
| 250 | _aSegunda edición, tercera reimpresión. | ||
| 264 | 1 |
_aLima : _bLluvia Editores, _c2020. |
|
| 300 |
_a779 páginas ; _c24 cm. |
||
| 490 |
_aColección Felipe Guamán Poma de Ayala. Nueva coronica y buen gobierno ; _v1 |
||
| 500 | _aGlosario: páginas 749-779. | ||
| 650 |
_aNovelas peruanas _ySiglo XX _947961 |
||
| 650 |
_aNovelas históricas peruanas _947962 |
||
| 651 |
_aPerú _xHistoria _yÉpoca Prehispánica _yDescubrimiento y Conquista, 1519-1536 _vNovelas _947963 |
||
| 800 |
_aGuamán Poma de Ayala, Felipe, m. 1615?. _947964 |
||
| 942 |
_2ddc _cLIBROS |
||